Morceaux choisis des philosophes allemands modernes pour la classe de philosophie avec notes, commentaires, notices historiques et philosophiques / (Record no. 157668)

MARC details
000 -LEADER
campo de control de longitud fija 00934nam a22002175i 4500
001 - NÚMERO DE CONTROL
campo de control 157668
003 - IDENTIFICADOR DE NÚMERO DE CONTROL
campo de control ES-MaACL
005 - FECHA Y HORA DE LA ÚLTIMA TRANSACCIÓN
campo de control 20230906210812.0
008 - DATOS DE LONGITUD FIJA--INFORMACIÓN GENERAL
campo de control de longitud fija 020829q1881 fr |||| | fre d
100 1# - ENTRADA PRINCIPAL--NOMBRE DE PERSONA
Nombre de persona Lévy, Antoine.
9 (RLIN) 129187
245 10 - MENCIÓN DEL TÍTULO
Título Morceaux choisis des philosophes allemands modernes pour la classe de philosophie avec notes, commentaires, notices historiques et philosophiques /
Mención de responsabilidad, etc. par Antoine Lévy.
260 ## - PUBLICACIÓN, DISTRIBUCIÓN, ETC.
Lugar de publicación, distribución, etc. Paris :
Nombre del editor, distribuidor, etc. Librairie Germer-Baillière et Cie,
Fecha de publicación, distribución, etc. [ca. 1881] (
Fabricante Imp. Émile Martinet)
300 ## - DESCRIPCIÓN FÍSICA
Extensión XXIV, 230 p. ;
Dimensiones 19 cm.
490 1# - MENCIÓN DE SERIE
Mención de serie Bibliothèque classique d'ouvrages philosophiques
596 ## - NOTA AL PIE DE IMPRENTA
NOTA AL PIE DE IMPRENTA Probablemente impreso en la segunda mitad del S. XIX.
650 #4 - PUNTO DE ACCESO ADICIONAL DE MATERIA--TÉRMINO DE MATERIA
Término de materia o nombre geográfico como elemento de entrada Filosofía-
Subdivisión geográfica Alemania-
Subdivisión cronológica S.XIX.
9 (RLIN) 144630
752 ## - ENTRADA AGREGADA--NOMBRE JERÁRQUICO DEL LUGAR
País o entidad superior Francia -
Ciudad París
830 1# - PUNTO DE ACCESO ADICIONAL DE SERIE-TÍTULO UNIFORME
Título uniforme Bibliothèque classique d'ouvrages philosophiques
9 (RLIN) 221811
852 ## - LOCALIZACIÓN
Ubicación ES-MaACL
Número de control de estantería F-12242
Nota libre - Enc. pasta española
Holdings
Estatus retirado Estado de pérdida Estado de daño No para préstamo Colección Biblioteca de origen Biblioteca actual Ubicación en estantería Fecha de adquisición Fuente de adquisición Total de préstamos Signatura topográfica completa Código de barras Visto por última vez Precio de reemplazo Tipo de ítem Koha
        Libros del s. XIX Biblioteca del Ateneo de Madrid Biblioteca del Ateneo de Madrid Sala Pecera Planta 2 17/01/2008     F-12242 1164995 23/02/2023 23/02/2023 Libro impreso antiguo